| 000 | 00586nam a22002057a 4500 | ||
|---|---|---|---|
| 005 | 20260515115058.0 | ||
| 008 | 250305b |||||||| |||| 00| 0 eng d | ||
| 020 | _a9788119679560 | ||
| 040 |
_aIN-DiNC _cIN-DiNC |
||
| 041 | _dasm | ||
| 082 |
_a320.954 _bGOH |
||
| 100 |
_aGohain, Nabin _eauthor |
||
| 245 |
_aBharatbarshat rajnaitik prakriya (Major7)/ _cby Nabin Gohain and Pankaj Borah |
||
| 250 | _a1st ed. | ||
| 260 |
_aJorhat: _bBidya bhawan, _c2024. |
||
| 300 | _a352p. | ||
| 650 | _aPolitical process in India (Major7) | ||
| 700 |
_aBorah, Pankaj _eauthor |
||
| 942 |
_2ddc _cBK |
||
| 999 |
_c12119 _d12119 |
||